| 000 | 00652nam a2200241Ia 4500 | ||
|---|---|---|---|
| 003 | OSt | ||
| 005 | 20220918190733.0 | ||
| 006 | a|||||r|||| 00| 0 | ||
| 007 | ta | ||
| 008 | 220917b |||||||| |||| 00| 0 eng d | ||
| 024 | _a59,238 | ||
| 037 | _cTextual | ||
| 040 |
_aARTS _cARTS _beng |
||
| 041 |
_2eng _aeng |
||
| 082 | _aQ1:418, L9 | ||
| 100 |
_aVajpeyi Kailash _925414 |
||
| 245 | 0 |
_aScience of mantras _b a manual for happiness and prosperity |
|
| 260 |
_aNew Delhi _bArnold-Heinemann _c1979 |
||
| 300 |
_a128p _ccm. |
||
| 650 | _aRELIGION | ||
| 942 |
_hQ1:418, L9 _cTEXL _2CC |
||
| 999 |
_c186612 _d186612 |
||